ბათუმის შოთა რუსთაველის სახელმწიფო უნივერსიტეტის ბიბლიოთეკა

თეორიული მექანიკა (კინემატიკა) : (ბიბ.ჩანაწერი № 36915)

000 -ლიდერი
ფიქსირებული სიგრძის საკონტროლო ველი 01301nam a2200265Ia 4500
001 - საკონტროლო ნომერი
საკონტროლო ველი 2866
003 - საკონტროლო ნომრის იდენტიფიკატორი
საკონტროლო ველი GE_BSU
005 - ბოლო ოპერაციის თარიღი და დრო
საკონტროლო ველი 20190613142824.0
008 - ფიქსირებული სიგრძის მონაცემთა ელემენტები - ზოგადი ინფორმაცია
ფიქსირებული სიგრძის საკონტროლო ველი 181216s2012||||ge |||||||||||||| ||geo||
020 ## - წიგნის საერთაშორისო სტანდარტული ნომერი
International Standard Book Number 97899414126
040 ## - კატალოგიზაციის წყარო
Transcribing agency GE_BSU
041 ## - ენის კოდი
Language code of text/sound track or separate title geo
080 ## - უნივერსალური ათობითი კლასიფიკაციის ინდექსი
Universal Decimal Classification number 531.1 ფ–98
100 ## - მთავარი ჩანაწერი - პიროვნების სახელი
Personal name ფუტკარაძე, გ.
9 (RLIN) 2474
245 ## - ცნობა სათაურის შესახებ
Title თეორიული მექანიკა (კინემატიკა) :
Remainder of title ინდივიდუალური დავალებების კრებული /
Statement of responsibility, etc გ. ფუტკარაძე, თ. თურმანიძე ; რედ. მიხეილ დონაძე ; ბათუმის შოთა რუსთაველის სახელმწ. უნ-ტი.
264 ## - წარმოების, გამოცემის, დისტრიბუციის და სხვა ცნობები
გამოცემის, წარმოების, დისტრიბუციის... ადგილი ბათუმი :
გამოცემის, წარმოების, დისტრიბუციის... სახელწოდება შოთა რუსთაველის სახელმწ. უნ-ტი,
გამოცემის, წარმოების, დისტრიბუციის... თარიღი 2012.
300 ## - ფიზიკური აღწერა
Extent 77 გვ. :
Other physical details ნახ. ;
Dimensions 20 სმ.
653 ## - INDEX TERM--UNCONTROLLED
Uncontrolled term ფიზიკა
653 ## - INDEX TERM--UNCONTROLLED
Uncontrolled term თეორიული მექანიკა
653 ## - INDEX TERM--UNCONTROLLED
Uncontrolled term კინემატიკა
700 ## - ADDED ENTRY--PERSONAL NAME
Personal name თურმანიძე, თ.
Relator term ავტორი
9 (RLIN) 2475
700 ## - ADDED ENTRY--PERSONAL NAME
Personal name დონაძე, მ.
Relator term რედაქტორი
9 (RLIN) 1758
710 ## - ADDED ENTRY--CORPORATE NAME
Corporate name or jurisdiction name as entry element ბსუ
9 (RLIN) 2476
942 ## - ADDED ENTRY ELEMENTS (KOHA)
Koha item type წიგნი
Source of classification or shelving scheme
ეგზემპლარები
ჩამოწერის სტატუსი დაკარგული ეგზემპლარის სტატუსი კლასიფიკაციის წყარო ან თაროზე გაწყობის სქემა დაზიანების სტატუსი არ გაიცემა მუდმივი მდებარეობა (დაცვის ადგილი) ამჟამინდელი ადგილსამყოფელი თაროზე განთავსების ადგილი შეძენის თარიღი ღირებულება, შესყიდვის ნორმალური ფასი სრული შენახვის შიფრი შტრიხკოდი ბოლო ოპერაციის თარიღი ეგზემპლარის მიმდევრობითი ნომერი (კეტერი?) ფასის ძალაში შესვლის თარიღი ეგზემპლარის სახეობა საჯარო შენიშვნა
          ბათუმის შოთა რუსთაველის სახელმწიფო უნივერსიტეტის მთავარი ბიბლიოთეკა ბათუმის შოთა რუსთაველის სახელმწიფო უნივერსიტეტის მთავარი ბიბლიოთეკა წიგნსაცავი 2018-12-17 3.12 531.1 ფ–98 4851 2018-12-17 4851 2018-12-17 წიგნი 3 ლ. 12 თ.
          ბათუმის შოთა რუსთაველის სახელმწიფო უნივერსიტეტის მთავარი ბიბლიოთეკა ბათუმის შოთა რუსთაველის სახელმწიფო უნივერსიტეტის მთავარი ბიბლიოთეკა წიგნსაცავი 2018-12-17 3.12 531.1 ფ–98 4852 2018-12-17 4852 2018-12-17 წიგნი 3 ლ. 12 თ.
          ბათუმის შოთა რუსთაველის სახელმწიფო უნივერსიტეტის მთავარი ბიბლიოთეკა ბათუმის შოთა რუსთაველის სახელმწიფო უნივერსიტეტის მთავარი ბიბლიოთეკა წიგნსაცავი 2018-12-17 3.12 531.1 ფ–98 4853 2018-12-17 4853 2018-12-17 წიგნი 3 ლ. 12 თ.
          ბათუმის შოთა რუსთაველის სახელმწიფო უნივერსიტეტის მთავარი ბიბლიოთეკა ბათუმის შოთა რუსთაველის სახელმწიფო უნივერსიტეტის მთავარი ბიბლიოთეკა წიგნსაცავი 2018-12-17 3.12 531.1 ფ–98 4854 2018-12-17 4854 2018-12-17 წიგნი 3 ლ. 12 თ.
          ბათუმის შოთა რუსთაველის სახელმწიფო უნივერსიტეტის მთავარი ბიბლიოთეკა ბათუმის შოთა რუსთაველის სახელმწიფო უნივერსიტეტის მთავარი ბიბლიოთეკა წიგნსაცავი 2018-12-17 3.12 531.1 ფ–98 4855 2018-12-17 4855 2018-12-17 წიგნი 3 ლ. 12 თ.